• 首页
  • 本馆介绍
  • 公告通知
  • 最新文献
  • 馆藏检索
  • 电子资源
  • 读者导购
  • 参考咨询
  • 我的图书馆
  • 登录
  • 详细信息显示
  • 放入我的书架
  • 预约/预借图书
  • 作者相关作品
  • 分类相关作品
  • 丛书相关作品
  • 出版社相关作品

书目信息

  • 表格格式
  • 工作单格式
  • 卡片格式
题名:
联合制碱生产分析方法
    
 
作者: ;大连制碱工业研究所 编
分册:  
出版信息: 北京   燃料化学工业出版社  1974
页数: 251页
开本: 19cm
丛书名:
单 册:
中图分类: TQ114.16
科图分类:
主题词: 纯碱生产-分析方法 , 分析方法-纯碱生产 , 氯碱生产 , 无机碱--生产
电子资源:
ISBN:
000 00750nam0 2200265 45 981
001 0654668597
005 20060805151136.95
010    @dCNY0.67
091    @a15063.2093
100    @a19981104d1974 em y0chiy0121 ea
101 0  @achi
102    @aCN@b110000
105    @ay z 000yy
106    @ar
200 10 @a联合制碱生产分析方法@Alian he zhi jian sheng chan fen xi fang fa@f大连制碱工业研究所编
210    @a北京@c燃料化学工业出版社@d1974
215    @a251页@d19cm
606    @a纯碱生产-分析方法
606    @a分析方法-纯碱生产
606 0  @a氯碱生产
606 0  @a无机碱@x生产
690    @aTQ114.16@v3
711 02 @a大连制碱工业研究所@Ada lian zhi jian gong ye yan jiu suo@4编
801 0  @c20060805
905    @a10447@dTQ114.16@e15
    
    联合制碱生产分析方法/大连制碱工业研究所编 .-北京:燃料化学工业出版社,1974
    251页;19cm
    
    
    ISBN :CNY0.67
    
●
相关链接 在E读中查询图书 在五车中查询图书 在当当中查询图书 在豆瓣中查询图书


正题名:联合制碱生产分析方法     索取号:TQ114.16/15         预约/预借

序号 登录号 条形码 馆藏地/架位号 状态 备注
1 0451597   204515970   密集书库/ [索取号:TQ114.16/15] 在馆    
唐山师范学院图书馆 欢迎您!
大连网信软件有限公司© 版权所有